[Event "Club Championships"]
[Site "Wellington Chess Club"]
[Date "2009.07.28"]
[Round "?"]
[White "Dive, Russell"]
[Black "Sellen, Ian"]
[Result "1-0"]
[WhiteElo "2407"]
[BlackElo "2016"]
[PlyCount "35"]
[EventDate "2009.??.??"]

1. c4 e5 2. g3 f5 3. Bg2 Nf6 4. Nc3 Nc6 5. a3 a5 6. Rb1 Bc5 7. e3 O-O 8. Nge2
d6 9. d4 exd4 10. exd4 Bb6 11. O-O Re8 12. Bg5 Qe7 13. Nf4 Qf8 14. Ncd5 Ne4 15.
Nxb6 cxb6 16. Nh3 Nxg5 17. Nxg5 Qf6 18. Bd5+ 1-0

[Event "Club Championships"]
[Site "Wellington Chess Club"]
[Date "2009.07.28"]
[Round "?"]
[White "Hill, Martin"]
[Black "Nyberg, Michael"]
[Result "1/2-1/2"]
[WhiteElo "1987"]
[BlackElo "1934"]
[PlyCount "125"]
[EventDate "2009.07.30"]
[SourceDate "2009.07.30"]

1. f4 b6 2. Nf3 Nf6 3. e3 Bb7 4. Be2 e6 5. O-O c5 6. b3 d6 7. Bb2 Nbd7 8. Qe1
Be7 9. Qg3 Rg8 10. Qh3 Be4 11. Bd3 Bxd3 12. cxd3 Qc8 13. Nc3 a6 14. Rac1 Qb7
15. Ng5 h6 16. Nge4 d5 17. Nf2 h5 18. Ne2 g5 19. fxg5 Rxg5 20. d4 Rc8 21. d3
cxd4 22. Rxc8+ Qxc8 23. Rc1 Qb7 24. Nxd4 Bc5 25. Qh4 Rg6 26. Re1 Be7 27. Qh3
Nc5 28. b4 Na4 29. Ba3 a5 30. Nc2 axb4 31. Bxb4 Bxb4 32. Nxb4 Qe7 33. a3 Qc5
34. Qf3 Qc3 35. Qd1 Qxa3 36. Nc6 b5 37. Qb1 Nc3 38. Qb4 Qxb4 39. Nxb4 Nd7 40.
Kf1 Rf6 41. Rc1 Na4 42. Rc7 Ndc5 43. Ke2 Kd8 44. Ra7 Kc8 45. Nh3 Rg6 46. g3 Rf6
47. Nf4 Rf5 48. Nc6 Rf6 49. Nxh5 Rh6 50. g4 f5 51. Ne7+ Kd8 52. Nc6+ Ke8 53.
Ng7+ Kf8 54. gxf5 Rxh2+ 55. Kf3 exf5 56. Nxf5 Nxd3 57. Ncd4 Ne1+ 58. Kg4 Rg2+
59. Kh5 Nc5 60. Nxb5 Ne4 61. Nbd4 Rh2+ 62. Kg6 Rg2+ 63. Kh6 1/2-1/2

[Event "Club Championships"]
[Site "Wellington Chess Club"]
[Date "2009.07.28"]
[Round "?"]
[White "Marner, Gavin"]
[Black "Ker, Anthony"]
[Result "0-1"]
[WhiteElo "2003"]
[BlackElo "2385"]
[PlyCount "80"]
[EventDate "2009.??.??"]

1. e4 d6 2. c3 Nf6 3. d3 g6 4. Nf3 Bg7 5. Be2 O-O 6. h3 c5 7. Nbd2 Nc6 8. Qc2
Rb8 9. Nf1 b5 10. Ne3 b4 11. O-O bxc3 12. bxc3 Bd7 13. Nh2 Qa5 14. Nc4 Qc7 15.
f4 d5 16. Ne3 d4 17. Nd5 Nxd5 18. exd5 Na5 19. c4 e6 20. Bf3 exd5 21. Bxd5 Nc6
22. a3 Ne7 23. Be4 Nf5 24. Bxf5 Bxf5 25. g4 Bc8 26. Nf3 Bb7 27. Qh2 Rfe8 28.
Bd2 Ba8 29. Rae1 Rxe1 30. Bxe1 Rb1 31. Qe2 Qc6 32. Qe4 Qc8 33. Qe2 Qb7 34. Qe8+
Bf8 35. Qe4 Qb8 36. Qe2 Bd6 37. Ne5 Qb7 38. Qh2 f6 39. Nf3 g5 40. Qe2 Bxf4 0-1

[Event "Club Championships"]
[Site "Wellington Chess Club"]
[Date "2009.07.28"]
[Round "?"]
[White "Van der Hoorn, Mark"]
[Black "Forster, Bill"]
[Result "1-0"]
[WhiteElo "2154"]
[BlackElo "1893"]
[PlyCount "59"]
[EventDate "2009.07.30"]
[SourceDate "2009.07.30"]

1. e4 c5 2. Nc3 g6 3. f4 Bg7 4. Nf3 e6 5. d4 cxd4 6. Nb5 d6 7. e5 dxe5 8. fxe5
Nc6 9. Bf4 Nh6 10. Nd6+ Kf8 11. Bb5 Nf5 12. Nxf5 Qa5+ 13. Bd2 Qxb5 14. Nxg7
Kxg7 15. a4 Qd5 16. Qe2 h6 17. O-O Rf8 18. Rae1 f5 19. Qf2 Qd8 20. Qg3 Bd7 21.
h4 Kh7 22. Qf4 g5 23. hxg5 Rg8 24. gxh6 Rg4 25. Ng5+ Kg6 26. Qxg4 fxg4 27. Rf7
Be8 28. Rg7+ Kh5 29. Kf2 Kxh6 30. Nxe6+ 1-0

[Event "Club Championships"]
[Site "Wellington Chess Club"]
[Date "2009.08.04"]
[Round "?"]
[White "Croad, Nicolas"]
[Black "Ker, Anthony"]
[Result "0-1"]
[WhiteElo "2328"]
[BlackElo "2385"]
[PlyCount "46"]
[EventDate "2009.??.??"]

1. d4 Nf6 2. Nf3 c5 3. d5 b5 4. a4 Bb7 5. e4 Nxe4 6. axb5 e6 7. dxe6 fxe6 8.
Bd3 Be7 9. O-O O-O 10. Ra4 Nf6 11. Qe2 Qb6 12. Bd2 d5 13. c4 Re8 14. Re1 Bf8
15. Ne5 a6 16. Bxh7+ Kxh7 17. Bg5 Nbd7 18. Nxd7 Nxd7 19. cxd5 exd5 20. Rh4+ Kg8
21. Qd1 Qg6 22. bxa6 Rxe1+ 23. Qxe1 Rxa6 0-1

[Event "Club Championships"]
[Site "Wellington Chess Club"]
[Date "2009.08.04"]
[Round "?"]
[White "Forster, Bill"]
[Black "Pomeroy, Arthur"]
[Result "0-1"]
[WhiteElo "1893"]
[BlackElo "1989"]
[PlyCount "74"]
[EventDate "2009.??.??"]

1. Nf3 g6 2. c4 Bg7 3. g3 d6 4. Bg2 Nc6 5. Nc3 e5 6. d3 Nge7 7. O-O O-O 8. Rb1
a5 9. a3 f5 10. Bg5 h6 11. Bxe7 Nxe7 12. Qc2 Be6 13. b4 axb4 14. axb4 Qd7 15.
Nd2 Rab8 16. b5 f4 17. Rfc1 Bh3 18. Bh1 Nf5 19. Bd5+ Kh8 20. Nf3 g5 21. Ra1
fxg3 22. hxg3 g4 23. Nh2 Nd4 24. Qb2 Qf5 25. Nd1 c6 26. Be4 Qf7 27. Ra7 d5 28.
Bh1 e4 29. Qa2 exd3 30. exd3 dxc4 31. Bxc6 cxd3 32. Bd5 Ne2+ 33. Kh1 Qe7 34.
Rc4 Nc3 35. Re4 Nxe4 36. Bxe4 Qxe4+ 37. Kg1 Qg2# 0-1

[Event "Club Championships"]
[Site "Wellington Chess Club"]
[Date "2009.08.04"]
[Round "?"]
[White "Marner, Gavin"]
[Black "Dive, Russell"]
[Result "1/2-1/2"]
[WhiteElo "2003"]
[BlackElo "2407"]
[PlyCount "72"]
[EventDate "2009.08.07"]
[SourceDate "2009.08.07"]

1. e4 Nf6 2. Nc3 d5 3. e5 Ne4 4. Nce2 f6 5. d3 Ng5 6. Bxg5 fxg5 7. f4 e6 8. Nf3
Be7 9. d4 O-O 10. fxg5 Bxg5 11. Nxg5 Qxg5 12. Qd2 Qxd2+ 13. Kxd2 b6 14. g3 c5
15. Bh3 Nc6 16. c3 Bd7 17. Rhf1 a5 18. Ke3 Rfe8 19. Nf4 Re7 20. Nd3 cxd4+ 21.
cxd4 a4 22. Rac1 Ra7 23. b4 axb3 24. axb3 h6 25. Ra1 Na5 26. Nf4 Rc7 27. Rac1
Ra7 28. Rc3 Kh7 29. Rfc1 g5 30. Nh5 Kg6 31. Nf6 Bb5 32. Bg4 Ba6 33. Bh5+ Kg7
34. Ne8+ Kh7 35. Nf6+ Kg7 36. Ne8+ Kh7 1/2-1/2

[Event "Club Championships, A Grade"]
[Site "Wellington Chess Club"]
[Date "2010.08.03"]
[Round "2"]
[White "Dive, Russell"]
[Black "Ker, Anthony"]
[Result "0-1"]
[WhiteElo "2460"]
[BlackElo "2432"]

1. c4 e5 2. g3 c6 3. Bg2 Nf6 4. Nc3 Bb4 5. Qb3 Na6 6. Nf3 e4 7. Ng5 d5 8. cxd5
cxd5 9. O-O O-O 10. d3 h6 11. Nh3 exd3 12. exd3 d4 13. Ne4 Nxe4 14. dxe4 Be6
15. Qd3 Qc8 16. Nf4 Bc4 17. Qxd4 Bxf1 18. Bxf1 Bc5 19. Qd1 Qc6 20. Qf3 Rad8 21.
Nd5 Nb4 22. Nc3 f5 23. Bf4 Kh8 24. Rc1 b6 25. a3 fxe4 26. Nxe4 Nd5 27. Nxc5
bxc5 28. Qe4 Rfe8 29. Be5 Qe6 30. Re1 Nf6 31. Qh4 Qf5 32. f4 Ng4 33. Bh3 Nxe5
34. Rxe5 Rd1+ 35. Kf2 Qc2+ 36. Kf3 Rxe5 37. fxe5 Qb3+ 38. Ke2 Qd3+ 39. Kf2 Rd2+
40. Kg1 Qe3+ 0-1

[Event "Club Championships, A Grade"]
[Site "Wellington Chess Club"]
[Date "2010.08.03"]
[Round "2"]
[White "Nijman, Brian"]
[Black "Sellen, Ian"]
[Result "1-0"]
[WhiteElo "2160"]
[BlackElo "2026"]

1. Nf3 d5 2. c4 e6 3. g3 Nf6 4. Bg2 c6 5. O-O Bd6 6. d3 O-O 7. Nc3 Nbd7 8. Qa4
Ne5 9. Nxe5 Bxe5 10. cxd5 exd5 11. e4 dxe4 12. dxe4 Qb6 13. Qc2 Ng4 14. Kh1 Bd4
15. Nd1 Be6 16. h3 Nf6 17. f4 Qa6 18. Kh2 Qc4 19. Qxc4 Bxc4 20. Re1 Rad8 21.
Ne3 Bd3 22. Nf5 Bf2 23. Rd1 Bxe4 24. Be3 Bxe3 25. Nxe3 Bxg2 26. Kxg2 Rfe8 27.
Kf3 Kf8 28. Nc4 Nd5 29. a4 Rd7 30. a5 a6 31. Ne5 Rde7 32. Ra3 f6 33. Nc4 Re4
34. Nd6 Re3+ 35. Rxe3 Rxe3+ 36. Kf2 Rb3 37. Rd2 Ke7 38. Nf5+ Kf7 39. Re2 g5 40.
Nd6+ Kg7 41. f5 h5 42. h4 gxh4 43. gxh4 Rb4 44. Ke1 Rxh4 45. Nxb7 Rf4 46. Nc5
Rxf5 47. Nxa6 Re5 48. Nb8 c5 49. Rxe5 fxe5 50. Nd7 Nc7 51. Nxc5 Kf6 52. a6 Nb5
53. Ne4+ Kf5 54. Nd6+ 1-0

[Event "Club Championships, A Grade"]
[Site "Wellington Chess Club"]
[Date "2010.08.03"]
[Round "2"]
[White "Pomeroy, Arthur"]
[Black "Marner, Gavin"]
[Result "1/2-1/2"]
[WhiteElo "2099"]
[BlackElo "2034"]

1. e4 c5 2. d4 cxd4 3. Nf3 Nc6 4. Nxd4 e5 5. Nb5 a6 6. Nd6+ Bxd6 7. Qxd6 Qf6 8.
Qd1 Qg6 9. Nc3 d5 10. Nxd5 Qxe4+ 11. Be3 Nd4 12. Nc7+ Ke7 13. Rc1 Bg4 14. Qd3
Qxd3 15. Bxd3 Rd8 16. h3 Bh5 17. g4 1/2-1/2

[Event "Club Championships, A Grade"]
[Site "Wellington Chess Club"]
[Date "2010.08.03"]
[Round "2"]
[White "Turner, Michael"]
[Black "Nyberg, Michael"]
[Result "0-1"]
[WhiteElo "2099"]
[BlackElo "1998"]

1. d4 e6 2. c4 f5 3. Nc3 Nf6 4. g3 c6 5. Bg2 d5 6. b3 Ne4 7. Nxe4 fxe4 8. Qd2
Na6 9. c5 Qf6 10. Bb2 b6 11. b4 Be7 12. Nh3 Bd7 13. a3 Rb8 14. Bc3 bxc5 15.
bxc5 Rb3 16. O-O Bxc5 17. e3 Bd6 18. f3 exf3 19. Rxf3 Qg6 20. Nf4 Qh6 21. Nd3
c5 22. Nc1 Rb8 23. Qf2 Be7 24. Ne2 Bb5 25. a4 Bd3 26. Rf1 Bf6 27. dxc5 Bxc3 28.
Nxc3 Bxf1 29. Bxf1 Nxc5 30. Bb5+ Ke7 31. Rf7+ Kd6 32. g4 Rb7 33. Rf8 Rxf8 34.
Qxf8+ Re7 35. Qb8+ Rc7 36. Qd8+ Nd7 37. g5 Qh4 38. Bxd7 Qe1+ 39. Kg2 Qxc3 40.
Bb5+ Ke5 41. g6 Qc2+ 42. Kf3 Qd1+ 43. Kg3 Qg1+ 44. Kf3 Qd1+ 45. Be2 Qh1+ 46.
Kg3 Qg1+ 47. Kf3 Rc3 48. Qb8+ Kf6 49. Qf8+ Kxg6 50. Qe8+ Kh6 51. Qxe6+ Qg6 52.
Qxd5 Qf6+ 53. Kg4 Qg6+ 54. Kh4 Rxe3 55. Bf3 Qf6+ 56. Kg3 Qe5+ 0-1

[Event "Club Championships, A Grade"]
[Site "Wellington Chess Club"]
[Date "2010.08.10"]
[Round "3"]
[White "Ker, Anthony"]
[Black "Nijman, Brian"]
[Result "1-0"]
[WhiteElo "2432"]
[BlackElo "2160"]

1. e4 c6 2. d4 d5 3. exd5 cxd5 4. c4 Nf6 5. Nc3 Nc6 6. Nf3 Be6 7. Bg5 g6 8.
Bxf6 exf6 9. Be2 Bg7 10. O-O O-O 11. Qd2 Qa5 (11... dxc4 12. d5 Ne5 13. Nxe5
fxe5 14. Rad1 Bf5 15. Bxc4 Qb6 16. Bb3 Rfd8 17. h3 h5 18. Rfe1 Qd6 19. Qe3 a5
20. Bc4 Rac8 21. b3 Rd7 22. Nb5) 12. c5 b6 13. cxb6 axb6 (13... Qxb6 14. Na4 (
14. Rfc1 Rfb8 15. Na4 Qb4 16. Qd1 Na5 17. b3 Nb7 18. a3 Qe7 19. Qd2 Nd6 20. Nc5
Ne4 21. Qe3 Qd6 22. g3) 14... Qa5 15. Qxa5 Nxa5 16. Rfc1 Bh6 17. Rc3 Rab8 18.
b3 Rfc8 19. Nc5 Nc6 20. h3 Re8 21. Re1 Bc8 22. a3) 14. a3 Rfd8 15. b4 Qa7 16.
Nb5 Qd7 17. Rac1 Bg4 18. Rc3 Bxf3 {?!}  (18... f5 {was better} 19. Rfc1 Rac8)
19. Rxf3 (19. Bxf3 f5 20. Rfc1 Rac8 21. g3 h5 22. Bg2 (22. Kg2 Kh7 23. Re1 Bh6
24. Qc2 Bg7 25. Rc1 Bh6)  (22. h4 Kh7 23. Bg2 Re8 24. Qa2 Nxd4 25. Rxc8 Ne2+
26. Kh2 Nxc1 27. Rxc1 Qxb5 28. Qxd5 Qe2 29. Rc7 Re7 30. Rxe7 Qxe7 31. f4 Kg8
32. Qc6 Bd4 33. Qc4 Bf2) 22... Kh7 23. Qd3 Bh6 24. Re1 f4 25. Rb3 fxg3 26. hxg3
Re8 27. Rbb1 Bg7 28. Rbc1 Re6 29. Kh2 Bh6) 19... Na7 20. Nc3 Nc6 (20... f5 {was
better} 21. Rc1 Nc6 (21... Nc8 22. Nb5 Nd6 23. Nxd6 Qxd6 24. Bb5 Rdc8 25. Re1
Rc7 26. g3 f4 27. Rc3 Rxc3 28. Qxc3 Qf6 29. Re5 Qd6 30. Re2 Qf6) 22. Nb5 Re8
23. Rg3 f4 24. Rgc3 Nxd4 25. Nxd4 Bxd4 26. Qxd4 Rxe2 27. h3 Qe6 28. Qxf4 Re1+
29. Kh2 Rxc1 30. Qxc1 Qe5+ 31. g3 d4 32. Rd3 Rd8 33. a4 Qe2 34. Rd2 Qe6) 21.
Rc1 (21. Nb5 {=} ) 21... Ne7 {?!}  (21... f5 {was preferable} ) 22. Nb5 Rdc8
23. Rfc3 Rxc3 24. Rxc3 Rc8 25. Qc2 (25. Rxc8+ {yielded an edge for White,
after} 25... Qxc8 26. Qf4 f5 27. Qd6 Qe6 28. Qb8+ Bf8 29. Bf1 h5 30. Qc7 (30.
a4 Nc6 31. Qxb6 Nxb4 32. a5 Qe1 33. Qc7 Qa1 34. g3 Na6 35. Qd8 Nb4 36. Kg2 Qd1
37. Nd6 Qxd4 38. a6 Nxa6 39. Bxa6 f4 40. Bf1 fxg3 41. hxg3 h4 42. Qe8 Qf6 43.
Nb5 h3+ 44. Kxh3 Qxf2 45. Be2 {and White is better} ) 30... h4 31. h3 Qf6 32.
Be2 Qc6 33. Qf4 Qe6 34. Bd3 Qf6 {[White is better]} ) 25... Rxc3 26. Qxc3 f5
27. a4 Qc6 {?!}  (27... Nc6 { cold-blooded and equal} 28. a5 bxa5 29. bxa5 Na7
30. Qg3 Qe8 {[forced]} 31. Qe3 Qb8 32. Qb3 Nxb5 33. Qxb5 Qa7 {=} ) 28. Qe3 {!?}
(28. a5 bxa5 29. bxa5 Qxc3 30. Nxc3 Bxd4 31. Nb5 Bc5 32. Bf3 (32. a6 Nc8 33.
Kf1 Kf8 34. f4 Ke7 35. Bf3 d4 36. Ke2 Na7 37. Nxa7 Bxa7 38. Bd5 f6 39. Kd3 h6
40. Bg8 Kf8 41. Bc4 Ke7 42. g3 Kd6 43. Bf7 g5) 32... Nc6 33. a6 Na7 { White is
slightly better, but the objectively drawn} 34. Nxa7 (34. Nc3 d4 35. Nd5 Kf8
36. Kf1 h6 37. Bd1 Ke8 38. Bb3 Kd8 39. Nf4 g5 40. Nd3 Bd6 41. Bxf7 Kc7 42. Nb2
Bxh2 43. g3 f4 44. Kg2 fxg3 45. fxg3 Bxg3 46. Kxg3 Kb6 47. Bc4 h5 48. Bd3 Nc6
49. Na4+) 34... Bxa7 35. Bxd5 f4 36. Kf1 Kf8 37. Ke2 Ke7 38. f3 f6 39. Kd3 Kd6
40. Kc4 (40. Bg8 h6 41. Ke4 Kc5 42. Bh7 g5 43. Kf5 Kb5 44. Kxf6 Kxa6 45. Bd3+
Ka5 46. Kg6 Bc5 47. Kxh6 Be7 48. Kg6 Kb4 49. Kf7) 40... Bg1 41. h3 h6 42. Be4
f5 43. Bd5 g5) 28... Kf8 {?  [the first outright mistake, and, as it turns out,
the fatal one]}  (28... Bf8 29. Bf1 Qd7 30. a5 bxa5 31. bxa5 Nc6 32. a6 Qc8 33.
Nc3 Nb4 34. g3 Nxa6 35. Nxd5 Nb4 36. Nf6+ Kg7 {(0:14.46) 22843kN} )  (28... Qb7
29. Qb3 Nc6 30. Qxd5 Qe7 31. Bf1 Nxb4 32. Qb3 Bf8 33. g3 Qe1 34. h3 Kg7 35. Qe3
Qd1 36. Qe5+ Kg8 37. Qc7 Nd5 38. Qc6) 29. a5 bxa5 30. bxa5 Ke8 {?!  [consistent
with the previous (losing) move]}  (30... Qa6 { [the last chance for
resistance]} 31. Qa3 f4 32. Bf1 f3 33. gxf3 h5 34. Nd6 Qc6 35. Qb4 Bxd4 36.
Qxd4 Qxd6 37. a6 Nc6 38. Qb6 Qf6 39. Qc5+ Kg7 40. Qxd5 Nd4 41. Kg2 Nf5 42. f4
Nh4+ 43. Kg3 Nf5+ 44. Kf3 Qc3+ 45. Bd3 Qc1 46. Ke2 Qb2+ 47. Kf1 Qc1+ 48. Kg2
Nh4+ 49. Kh3 Qc8+ 50. f5 {White wins} )  (30... Bf6 31. Qa3 Qa6 32. Bf1 h6 33.
Nc7 Qc6 34. a6 Bxd4 35. a7 {White wins} ) 31. a6 Kd7 32. Qa3 Nc8 33. a7 Nb6 34.
Nc3 {! [Anthony plays the endgame in exemplary fashion]} 34... Kc7 (34... Qd6
35. Qb3) 35. Qe7+ Qd7 36. Nxd5+ Kb7 {37.a8Q+ 1-0 } 1-0

[Event "Club Championships, A Grade"]
[Site "Wellington Chess Club"]
[Date "2010.08.10"]
[Round "3"]
[White "Marner, Gavin"]
[Black "Van der Hoorn, Mark"]
[Result "1-0"]
[WhiteElo "2034"]
[BlackElo "2182"]

1. e4 e5 2. f4 exf4 3. Bc4 d5 4. exd5 Qh4+ 5. Kf1 f3 6. Bb5+ Bd7 7. Bxd7+ Nxd7
8. Nxf3 Qh5 9. Qe2+ Ne7 10. Nc3 O-O-O 11. d6 Nf5 12. dxc7 Ng3+ 13. hxg3 Qxh1+
14. Kf2 Bc5+ 15. d4 Rde8 16. Qc4 Nf6 17. dxc5 h5 18. Ng1 Ng4+ 19. Kf1 Nh2+ 20.
Kf2 Ng4+ 21. Kf1 Nh2+ 22. Kf2 Re1 23. Nce2 Re8 24. Kxe1 Qxg1+ 25. Kd2 Qxg2 26.
Qd3 Kxc7 27. Kc3 Qxe2 28. Bf4+ Kc8 29. Qd6 Qf3+ 30. Kb4 Re4+ 31. c4 Rxf4 32.
gxf4 Qe2 33. Qf8+ Kc7 34. Qxf7+ Kb8 35. Qg8+ Kc7 36. Qxg7+ Kc8 37. Qh8+ Kd7 38.
Qd4+ Kc7 39. Rd1 Qe8 40. Qe5+ 1-0

[Event "Club Championships, A Grade"]
[Site "Wellington Chess Club"]
[Date "2010.08.10"]
[Round "3"]
[White "Nyberg, Michael"]
[Black "Pomeroy, Arthur"]
[Result "1-0"]
[WhiteElo "1998"]
[BlackElo "2099"]

1. e4 c5 2. d3 g6 3. Nf3 Bg7 4. Nbd2 Nc6 5. Be2 Nf6 6. O-O O-O 7. c3 d5 8. exd5
Qxd5 9. Nc4 e5 10. Ne3 Qd8 11. Qc2 b6 12. Nc4 Nd5 13. Bg5 f6 14. Bh4 Nf4 15.
Rfe1 Bg4 16. Rad1 Rc8 17. h3 Bh5 18. Kh1 g5 19. Bg3 Bf7 20. Ne3 Nd4 21. Nxd4
cxd4 22. Nf5 Bg6 23. Qb3+ Kh8 24. Nxg7 Kxg7 25. cxd4 Nxe2 26. Rxe2 Qxd4 27. Qa3
Rf7 28. f3 Qc5 29. Qb3 Rd7 30. Qe6 Qd6 31. Rxe5 Qxe6 32. Rxe6 Bxd3 33. Re3 Rcd8
34. Rde1 Bc4 35. b3 Bf7 36. f4 Rd1 37. fxg5 Rxe1+ 38. Bxe1 fxg5 39. Bc3+ Kg6
40. Kh2 Rd5 41. g4 Rd6 42. Rf3 Bd5 43. Rf5 h6 44. Re5 Rc6 45. Rxd5 Rxc3 46.
Rd6+ Kg7 47. Rd7+ Kf6 48. Rxa7 Ke5 49. Re7+ Kf4 50. Re2 Kf3 51. Rd2 Ke3 52. Rg2
Kf4 53. Rb2 Ke4 54. Kg2 Kd3 55. a4 Kd4 56. Kh2 Kd5 57. Kg2 Kc6 58. b4 Ra3 59.
b5+ Kd5 60. Rd2+ Ke4 61. Rd6 1-0

[Event "Club Championships, A Grade"]
[Site "Wellington Chess Club"]
[Date "2010.08.10"]
[Round "3"]
[White "Sellen, Ian"]
[Black "Turner, Michael"]
[Result "0-1"]
[WhiteElo "2026"]
[BlackElo "2099"]

1. c4 Nf6 2. Nc3 e6 3. b3 d5 4. e3 Be7 5. Nf3 O-O 6. Be2 c5 7. O-O Nc6 8. d4
cxd4 9. Nxd4 e5 10. Nf3 e4 11. Nd4 Bd6 12. cxd5 Ne5 13. f4 exf3 14. Bxf3 Nxf3+
15. Nxf3 Bg4 16. Qd3 Re8 17. Bb2 a6 18. Rae1 Qc7 19. Ne2 Bxf3 20. Rxf3 Bxh2+
21. Kh1 Be5 22. Ba3 Rad8 23. e4 Ng4 24. Qc4 Qd7 25. Nf4 Rc8 26. Qe2 b5 27. Nd3
Bd4 28. Bb2 Bxb2 29. Qxb2 Qd6 30. Rh3 b4 31. Qe2 Qg6 32. Rg3 h5 33. Kg1 Qb6+
34. Kf1 Nh2# 0-1

[Event "Club Championships, A Grade"]
[Site "Wellington Chess Club"]
[Date "2010.08.10"]
[Round "3"]
[White "Wilson, Jesse"]
[Black "Dive, Russell"]
[Result "0-1"]
[WhiteElo "2078"]
[BlackElo "2460"]

1. e4 Nf6 2. e5 Nd5 3. d4 d6 4. Nf3 Nc6 5. exd6 exd6 6. c3 Bg4 7. Be2 Be7 8. h3
Bh5 9. O-O O-O 10. Nbd2 Nf4 11. Bc4 d5 12. Bb3 Bd6 13. Re1 Qf6 14. Re3 Qg6 15.
Nh4 Qg5 16. Ndf3 Qf6 17. Bc2 Ne7 18. Re5 Bxe5 19. dxe5 Qxh4 0-1

[Event "Club Championships, A Grade"]
[Site "Wellington Chess Club"]
[Date "2010.08.17"]
[Round "4"]
[White "Dive, Russell"]
[Black "Marner, Gavin"]
[Result "1-0"]
[WhiteElo "2460"]
[BlackElo "2034"]

1. c4 e5 2. g3 Nf6 3. Bg2 Nc6 4. Nc3 Bc5 5. a3 a5 6. e3 O-O 7. Nge2 Re8 8. O-O
d6 9. d4 exd4 10. exd4 Ba7 11. h3 h6 12. Be3 Ne7 13. b4 c6 14. b5 Be6 15. bxc6
bxc6 16. d5 Bxe3 17. dxe6 Ba7 18. exf7+ Kxf7 19. Qd3 Qd7 20. Rad1 Rad8 21. Nd4
Bc5 22. Rfe1 Rc8 23. Ne6 Bxa3 24. Ne4 Nxe4 25. Rxe4 Bb2 26. h4 Ng6 27. Bh3 Ne5
28. Rxe5 1-0

[Event "Club Championships, A Grade"]
[Site "Wellington Chess Club"]
[Date "2010.08.17"]
[Round "4"]
[White "Nyberg, Michael"]
[Black "Sellen, Ian"]
[Result "0-1"]
[WhiteElo "1998"]
[BlackElo "2026"]

1. d4 d5 2. Nf3 e6 3. g3 c5 4. c3 Nc6 5. Bg2 Bd6 6. Nbd2 Nf6 7. Nb3 c4 8. Nbd2
Bd7 9. b3 b5 10. a4 a6 11. axb5 axb5 12. Rxa8 Qxa8 13. bxc4 bxc4 14. O-O O-O
15. Qe1 Na5 16. Ng5 h6 17. Nh3 Bc6 18. Nf3 Nb3 19. Bf4 Bxf4 20. gxf4 Ne4 21.
Ne5 Ned2 22. Qd1 Nxf1 23. Kxf1 f6 24. Ng6 Rf7 25. e3 Qa1 26. Qxa1 Nxa1 27. f5
exf5 28. Nh4 Nb3 29. Nxf5 Ra7 30. Nf4 Nd2+ 31. Ke2 Ne4 32. Bxe4 dxe4 33. d5 Bd7
34. Ne6 Ra2+ 35. Ke1 Bxe6 36. dxe6 Rc2 37. Nd6 Kf8 38. Nxe4 Ke7 39. Kd1 Ra2 40.
Nd2 Kxe6 41. f3 Kd5 42. Kc1 f5 43. h4 Ra1+ 44. Kb2 Rh1 45. e4+ fxe4 46. fxe4+
Kc5 47. Nf3 Rh3 48. Nd4 Rxh4 49. Ne6+ Kd6 50. Nxg7 Ke5 51. Nf5 Rh2+ 52. Ka3
Kxe4 53. Nd6+ Kd5 54. Nf5 h5 55. Kb4 Rb2+ 56. Ka4 Kc5 57. Ka3 Rb3+ 58. Ka2 Rxc3
59. Kb2 Kb4 60. Ne7 Rf3 61. Nc6+ Kc5 62. Ne5 Rg3 63. Nd7+ Kb5 64. Nf6 h4 65.
Ne4 Rb3+ 66. Kc2 h3 67. Nd6+ Kb4 68. Ne4 h2 69. Nf2 Rg3 0-1

[Event "Club Championships, A Grade"]
[Site "Wellington Chess Club"]
[Date "2010.08.17"]
[Round "4"]
[White "Turner, Michael"]
[Black "Ker, Anthony"]
[Result "1/2-1/2"]
[WhiteElo "2099"]
[BlackElo "2432"]

1. d4 Nf6 2. c4 c5 3. d5 b5 4. cxb5 a6 5. bxa6 Bxa6 6. Nc3 g6 7. g3 d6 8. Bg2
Bg7 9. Nf3 Nbd7 10. Rb1 Nb6 11. b3 Bc8 12. Nh4 O-O 13. O-O Rb8 14. Qc2 e6 15.
dxe6 fxe6 16. a4 Nbd5 17. Nxd5 Nxd5 18. Bb2 Nb4 19. Qd2 e5 20. Bc3 Be6 21. Bxb4
Rxb4 22. Bd5 Qe7 23. Rfd1 Rd4 24. Bxe6+ Qxe6 25. Qe3 e4 26. b4 Qd5 27. Rdc1
Rxb4 28. Qa3 Rfb8 29. Rxb4 cxb4 30. Qe3 b3 31. Ng2 Bd4 32. Qf4 b2 33. Rb1 Rf8
34. Ne3 Qc6 35. Qg4 Qc1+ 36. Kg2 Qxb1 37. Qe6+ Kg7 38. Qe7+ Rf7 $2 (38... Kg8
39. Qe6+ Rf7 40. Qe8+ Kg7) 39. Nf5+ $1 gxf5 40. Qg5+ Kh8 41. Qd8+ Kg7 1/2-1/2

[Event "Club Championships, A Grade"]
[Site "Wellington Chess Club"]
[Date "2010.08.24"]
[Round "5"]
[White "Sellen, Ian"]
[Black "Pomeroy, Arthur"]
[Result "1/2-1/2"]
[WhiteElo "2026"]
[BlackElo "2099"]

1. c4 g6 2. Nc3 Bg7 3. Nf3 d6 4. d4 Nf6 5. e4 O-O 6. Be3 Ng4 7. Qd2 Nxe3 8.
Qxe3 Na6 9. Bd3 c5 10. d5 Nc7 11. O-O b5 12. cxb5 a6 13. e5 axb5 14. Bxb5 Nxb5
15. Nxb5 Ba6 16. a4 Qa5 17. exd6 exd6 18. Qb3 Rfb8 19. Ra3 Qb4 20. Qxb4 cxb4
21. Rb3 Bxb5 22. axb5 Rxb5 23. g3 Rab8 24. Rd1 Rc8 25. Rd2 Rc4 26. Kg2 Bf6 27.
h3 h6 28. Kf1 Rc1+ 29. Ke2 Rb1 30. Rc2 Rxd5 31. Rxb4 Rc5 32. Rd2 d5 33. Kd3
1/2-1/2

[Event "Club Championships, A Grade"]
[Site "Wellington Chess Club"]
[Date "2010.08.24"]
[Round "5"]
[White "Van der Hoorn, Mark"]
[Black "Dive, Russell"]
[Result "0-1"]
[WhiteElo "2182"]
[BlackElo "2460"]

1. e4 Nf6 2. e5 Nd5 3. d4 d6 4. c4 Nb6 5. exd6 exd6 6. Nc3 Be7 7. Bd3 Nc6 8.
Nge2 O-O 9. O-O a5 10. h3 a4 11. Bc2 Nb4 12. Bxa4 Nxc4 13. a3 Nc6 14. Bc2 d5
15. Qd3 g6 16. Ng3 Bf6 17. b3 Nb6 18. Nb5 Nb4 19. axb4 Rxa1 20. Qc3 Rxc1 21.
Rxc1 c6 22. Na3 Nd7 23. Bd1 Re8 24. Bf3 Nf8 25. b5 Qb6 26. Ne2 Ne6 27. Rd1 Ng5
28. Kf1 Kg7 29. Bg4 Bxg4 30. hxg4 Ne4 31. Qd3 Ra8 32. Nc2 Ra5 33. b4 Ra8 34.
bxc6 bxc6 35. Nf4 Be7 36. f3 Nd6 37. Kf2 Nc4 38. Rh1 Ra2 39. Kg3 Bd6 40. g5
Bxf4+ 41. Kxf4 Rxc2 42. Kg3 Rd2 43. Qc3 Qxd4 0-1

[Event "Club Championships, A Grade"]
[Site "Wellington Chess Club"]
[Date "2010.08.24"]
[Round "5"]
[White "Wilson, Jesse"]
[Black "Turner, Michael"]
[Result "1/2-1/2"]
[WhiteElo "2078"]
[BlackElo "2099"]

1. e4 c6 2. c4 d5 3. exd5 cxd5 4. cxd5 Nf6 5. Nc3 Nxd5 6. d4 Nc6 7. Bc4 e6 8.
Nf3 Be7 9. O-O O-O 10. Ne4 Nf6 11. Ng3 a6 12. a3 Re8 13. b4 b5 14. Bb3 Bb7 15.
Bb2 a5 16. Qe2 Qb6 17. Rfd1 Nd5 18. Ne4 axb4 19. axb4 Ncxb4 20. Ne5 Rad8 21.
Qh5 g6 22. Qh6 Bf8 23. Qh4 Be7 24. Qh6 1/2-1/2

[Event "Club Championships, A Grade"]
[Site "Wellington Chess Club"]
[Date "2010.08.31"]
[Round "6"]
[White "Nyberg, Michael"]
[Black "Wilson, Jesse"]
[Result "1-0"]
[WhiteElo "1998"]
[BlackElo "2078"]

1. e4 e5 2. Nf3 Nc6 3. Bc4 Bc5 4. c3 Nf6 5. d3 d6 6. b4 Bb6 7. a4 a5 8. b5 Ne7
9. Bg5 Ng6 10. Nbd2 Bd7 11. O-O O-O 12. Bb3 Bg4 13. Nc4 h6 14. Be3 Nh4 15. Ncd2
c6 16. Bxb6 Qxb6 17. Nc4 Qc7 18. Ncd2 d5 19. bxc6 bxc6 20. Bc2 Rfe8 21. h3
Nxf3+ 22. Nxf3 Bh5 23. Re1 Rad8 24. Qe2 Qd6 25. Qe3 d4 26. cxd4 exd4 27. Qe2
Nd7 28. g4 Bg6 29. Nh4 Bh7 30. Rab1 Qf6 31. Ng2 Qd6 32. f4 Nc5 33. Qd2 Qc7 34.
Nh4 Rb8 35. Nf3 Rxb1 36. Rxb1 Ne6 37. e5 c5 38. Rb5 Qc6 39. Kf2 Nc7 40. Rb2 Nd5
41. Bb3 Nc3 42. Rc2 Kh8 43. Bxf7 Re7 44. e6 Qxa4 45. Rb2 g6 46. Rb8+ Kg7 47. g5
Rxf7 48. gxh6+ Kf6 49. exf7 Kxf7 50. Rb7+ Kg8 51. Rg7+ Kh8 52. Ne5 1-0

[Event "Club Championships, A Grade"]
[Site "Wellington Chess Club"]
[Date "2010.08.31"]
[Round "6"]
[White "Sellen, Ian"]
[Black "Ker, Anthony"]
[Result "0-1"]
[WhiteElo "2432"]
[BlackElo "2026"]

1. c4 e5 2. Nc3 Bb4 3. Qc2 Nf6 4. Nf3 Nc6 5. a3 Bxc3 6. Qxc3 Qe7 7. e3 d5 8.
cxd5 Nxd5 9. Qb3 Nb6 10. Bb5 Bd7 11. O-O a6 12. Be2 e4 13. Ne1 O-O-O 14. d4 f5
15. Qc3 Nd5 16. Qc5 Qxc5 17. dxc5 Na5 18. Rb1 Nb3 19. Bc4 Ba4 20. Bxb3 Bxb3 21.
f3 Nf6 22. fxe4 fxe4 23. Rf4 Rhf8 24. h3 h6 25. Kh2 Rd1 26. Rf1 Ng4+ 27. Kg1
Rxf1+ 0-1